Dům doktora Fišera /
Co skrývají zdi domu doktora Fišera. Tajemný dobrodružný příběh pro starší děti.
Uloženo v:
| Hlavní autor: | |
|---|---|
| Další autoři: | |
| Médium: | E-kniha |
| Jazyk: | Czech |
| Vydáno: |
V Praze :
Albatros,
2017
|
| Vydání: | 1. vydání |
| Témata: | |
| Tagy: |
Žádné tagy |
| LEADER | 02447nam a2200481 i 4500 | ||
|---|---|---|---|
| 001 | 310805 | ||
| 003 | CZ PrSKC | ||
| 005 | 20260601215655.0 | ||
| 007 | ta | ||
| 008 | 170515s2017 xr a c 000 j cze | ||
| 015 | |a cnb002897209 | ||
| 020 | |a 9788000046860 |q (vázáno) : |c Kč 249,00 | ||
| 035 | |a (OCoLC)993641149 | ||
| 040 | |a BOA001 |b cze |e rda | ||
| 072 | 7 | |a 821.162.3-3 |x Česká próza |2 Konspekt | |
| 072 | 7 | |a 821-93 |x Literatura pro děti a mládež (beletrie) |2 Konspekt | |
| 080 | |a 821.162.3-32 |2 MRF | ||
| 080 | |a 821-93 |2 MRF | ||
| 080 | |a (0:82-321.3) |2 MRF | ||
| 100 | 1 | |a Braunová, Petra, |d 1967- |7 xx0013872 |4 aut | |
| 245 | 1 | 0 | |a Dům doktora Fišera / |c Petra Braunová ; ilustrovala Petra Lemonnier |
| 250 | |a 1. vydání | ||
| 264 | 1 | |a V Praze : |b Albatros, |c 2017 | |
| 300 | |a 148 stran : |b ilustrace ; |c 25 cm | ||
| 336 | |a text |b txt |2 rdacontent | ||
| 337 | |a bez média |b n |2 rdamedia | ||
| 338 | |a svazek |b nc |2 rdacarrier | ||
| 520 | 2 | |a Co skrývají zdi domu doktora Fišera. Tajemný dobrodružný příběh pro starší děti. | |
| 520 | 2 | |a Podivín doktor Fišer do svého domu obehnaného plotem s ostnatým drátem nikoho nepouští. Když se Petrův otec zmíní, že pro doktora pracuje, probudí v synovi zvědavost. V domě na kopci prý bydlí nějaký kluk. Nikdo ho ale nezná, do školy nechodí, nehraje florbal... Petrovi se podaří s pomocí kamarádky Kristýny a dokonalé lsti vniknout do domu. Co objeví, je šokující, a co bude následovat, ještě mnohem víc! Nakladatelská anotace. | |
| 521 | 8 | |a Pro čtenáře od 11 let | |
| 655 | 7 | |a české příběhy |7 fd133973 |2 czenas | |
| 655 | 7 | |a dobrodružné příběhy |7 fd132060 |2 czenas | |
| 655 | 7 | |a publikace pro děti |7 fd133156 |2 czenas | |
| 655 | 9 | |a Czech stories |2 eczenas | |
| 655 | 9 | |a adventure stories |2 eczenas | |
| 655 | 9 | |a children's literature |2 eczenas | |
| 700 | 1 | |a Lemonnier, Petra |7 mzk2017953167 |4 ill | |
| 900 | |a ABA001 |b 19 | ||
| 928 | 9 | |a Albatros Media - Albatros | |
| 044 | |a xr | ||
| 910 | |a RBIT002 | ||
| 998 | |d 173921 |a https://core.palmknihy.cz/api/books/173921/cover?osf6h1 |b https://core.palmknihy.cz/api/books/173921/cover/400?dm4ocb |c https://core.palmknihy.cz/api/books/173921/cover/50?baqky7 |e 2030-12-31 |g 152 |i 9788000046860 |j https://core.palmknihy.cz/api/books/173921/preview.epub |k https://core.palmknihy.cz/api/books/173921/preview.pdf |l |q 49 |r 1 |s https://www.palmknihy.cz/kniha/173921 |t ebook |y 2017 |z 0 | ||
| 999 | |d 310803 | ||